Keyboard Keys Killer Quiz Stats

 Plays Quiz not verified by Sporcle

Score 0/46 Timer 01:00
0 Plays Today
% Correct
???
79%
???
76.5%
???
76.5%
???
75.3%
???
75.3%
???
75.3%
???
75.3%
???
75%
???
75%
???
72.8%
???
72.8%
???
72.8%
???
72.8%
???
71.6%
???
71.6%
???
71.6%
???
71.6%
???
71.6%
???
71.6%
???
70.4%
???
70.4%
???
70.4%
???
70.4%
% Correct
???
70.4%
???
67.9%
???
67.9%
???
67.9%
???
66.7%
???
66.7%
???
66.7%
???
58.3%
???
58.3%
???
58.3%
???
50%
???
50%
???
50%
???
41.7%
???
41.7%
???
41.7%
???
41.7%
???
41.7%
???
41.7%
???
33.3%
???
33.3%
???
33.3%
???
25%

You're not logged in!

Compare scores with friends on all Sporcle quizzes.
Join for Free
OR
Log In

You Might Also Like...

Show Comments

Extras

Created May 18, 2015ReportFavoriteNominate
Tags:Typing Quiz, hard

Top Quizzes Today


Score Distribution

Your Account Isn't Verified!

In order to create a playlist on Sporcle, you need to verify the email address you used during registration. Go to your Sporcle Settings to finish the process.

Report this User

Report this user for behavior that violates our Community Guidelines.

Details: